|
|
|
|
| LEADER |
00000nab a2200000uu 4500 |
| 001 |
vtls010906972 |
| 003 |
SK-MaSNL |
| 005 |
20260304172947.0 |
| 008 |
230222|1969 xo |||||||||||||||||ger| |
| 015 |
|
|
|a SNBRB
|
| 035 |
|
|
|a (urnnbn)urn:nbn:sk:snk:ar-a07x2o
|
| 035 |
|
|
|a (uuid)6c77dfe2-ff3f-47bc-9fa3-f4fb1c5cfc1c
|
| 035 |
|
|
|a urn:nbn:sk:snk-ab8x75
|
| 040 |
|
|
|a SNKBUCL
|b slo
|c SNKBUCL
|e AACR2
|
| 041 |
0 |
|
|a ger
|
| 044 |
|
|
|a xo
|c SK
|
| 100 |
1 |
|
|a Havel, Václav Jaromír,
|d 1927-
|4 aut
|9 182186
|
| 245 |
1 |
0 |
|a ZUR THEORIE DER ZASSENHAUSSCHEN VERFEINERUNGEN ZWEIER REIHEN VON ZERLEGUNGEN I :
|b Gleichbasig halbverkettete Verfeinerungen
|c Václav Havel
|
| 773 |
0 |
|
|t Acta Facultatis rerum naturalium Universitatis Comenianae
|g Roč. 22, č. 22 (1969), s. [67]-72
|
| 958 |
|
|
|a OND
|
| 958 |
|
|
|a EUIPO
|
| 958 |
|
|
|a article10
|
| 999 |
|
|
|c 3000930
|d 3002860
|